Kalkulácia cieľových nákladov ako rozsiahly koncept pre riadenie podnikových procesov diplomová práca

Saved in:
Bibliographic Details
Main Author: Struňáková, Jarmila
Corporate Author: Fakulta hospodárskej informatiky EU. Katedra účtovníctva a audítorstva
Other Authors: Antalová, Renáta
Format: Book
Language:Slovak
Published: Bratislava 2012
Tags: Add Tag
No Tags, Be the first to tag this record!

MARC

LEADER 00000nbm a2200000 4500
001 0162017
005 20160516132742.8
041 0 |a slo 
044 |a SK 
245 1 0 |a Kalkulácia cieľových nákladov ako rozsiahly koncept pre riadenie podnikových procesov  |b diplomová práca  |c Jarmila Struňáková ; školiteľ: Renáta Antalová 
264 1 |a Bratislava  |c 2012 
300 |a 67 s. 
100 1 |a Struňáková, Jarmila 
700 1 |a Antalová, Renáta 
710 2 |a Fakulta hospodárskej informatiky EU. Katedra účtovníctva a audítorstva